Astana-Sudden Death - Statistics

General Stats
  • This quiz has been taken 203 times
  • The average score is 2 of 7
Answers on the Grid
Answers color-coded by a green-red scale on the quiz's grid according to % correct below.
Has a Featured quiz
Has a quiz with 10,000 takes
Has 2 dogs
Lives in Oregon
Has over 100 blogs published
Is learning Finnish
Hates Reese's
Hates Trolli
Is the author of the JetPunk Magazine
Favorite color is Black
Has JetPunk Premium
Has had her account for approximately 4 years
 
Answer Stats
Answer % Correct
Has JetPunk Premium
37%
Has 2 dogs
34%
Lives in Oregon
34%
Is learning Finnish
30%
Is the author of the JetPunk Magazine
28%
Has over 100 blogs published
26%
Hates Reese's
20%
No matching quizzes found
Score Distribution
Percent of People with Each Score
Percentile by Number Answered
Your Score History
You have not taken this quiz